<?xml version="1.0" encoding="UTF-8"?>
<collection xmlns="http://www.loc.gov/MARC21/slim">
<record>
  <controlfield tag="001">171071</controlfield>
  <controlfield tag="005">20260505142650.0</controlfield>
  <datafield tag="024" ind1="7" ind2=" ">
    <subfield code="2">doi</subfield>
    <subfield code="a">10.1016/j.recot.2026.03.005</subfield>
  </datafield>
  <datafield tag="024" ind1="8" ind2=" ">
    <subfield code="2">sideral</subfield>
    <subfield code="a">149181</subfield>
  </datafield>
  <datafield tag="037" ind1=" " ind2=" ">
    <subfield code="a">ART-2026-149181</subfield>
  </datafield>
  <datafield tag="041" ind1=" " ind2=" ">
    <subfield code="a">spa</subfield>
  </datafield>
  <datafield tag="100" ind1=" " ind2=" ">
    <subfield code="a">Calvo-Tapies, J. R.</subfield>
    <subfield code="u">Universidad de Zaragoza</subfield>
  </datafield>
  <datafield tag="245" ind1=" " ind2=" ">
    <subfield code="a">Desarrollo y validación de un sistema de aprendizaje específico de técnicas mínimamente invasivas guiadas por ecografía en Cirugía Ortopédica y Traumatología</subfield>
  </datafield>
  <datafield tag="260" ind1=" " ind2=" ">
    <subfield code="c">2026</subfield>
  </datafield>
  <datafield tag="520" ind1="3" ind2=" ">
    <subfield code="a">Introducción
Las técnicas mínimamente invasivas guiadas por ecografía han demostrado un notable crecimiento en Cirugía Ortopédica y Traumatología. Sin embargo, su aprendizaje presenta una elevada complejidad, lo que ha impulsado el desarrollo de modelos de simulación específicos como herramienta docente.

Objetivo
Evaluar la efectividad de un programa de entrenamiento mediante phantoms personalizados para la adquisición de habilidades en técnicas mínimamente invasivas guiadas por ecografía.

Métodos
Estudio prospectivo comparativo con 20 médicos internos residentes, distribuidos en grupo intervención (n = 10; formación con phantoms) y grupo control (n = 10; formación habitual sin entrenamiento con phantom). Se evaluó la transferencia del aprendizaje en un modelo cadavérico, el desempeño técnico mediante rúbricas específicas y la autopercepción de competencia mediante cuestionarios.

Resultados
El grupo intervención mostró una reducción significativa en el tiempo de ejecución (p &lt; 0,001) y en el número de intentos (p &lt; 0,001). Además, obtuvo mejores resultados en desempeño técnico y autopercepción, destacando diferencias significativas en la satisfacción (p = 0,002), el esfuerzo percibido (p = 0,035) y la frustración (p &lt; 0,001).

Conclusión
El entrenamiento con phantoms personalizados mejora el aprendizaje técnico y la percepción de competencia en técnicas mínimamente invasivas guiadas por ecografía, representando una herramienta eficaz y transferible para la formación en Cirugía Ortopédica y Traumatología.</subfield>
  </datafield>
  <datafield tag="506" ind1="0" ind2=" ">
    <subfield code="a">Access copy available to the general public</subfield>
    <subfield code="f">Unrestricted</subfield>
  </datafield>
  <datafield tag="540" ind1=" " ind2=" ">
    <subfield code="9">info:eu-repo/semantics/openAccess</subfield>
    <subfield code="a">by-nc-nd</subfield>
    <subfield code="u">https://creativecommons.org/licenses/by-nc-nd/4.0/deed.es</subfield>
  </datafield>
  <datafield tag="655" ind1=" " ind2="4">
    <subfield code="a">info:eu-repo/semantics/article</subfield>
    <subfield code="v">info:eu-repo/semantics/publishedVersion</subfield>
  </datafield>
  <datafield tag="700" ind1=" " ind2=" ">
    <subfield code="a">Albareda-Albareda, J.</subfield>
    <subfield code="0">(orcid)0000-0003-4489-3130</subfield>
  </datafield>
  <datafield tag="700" ind1=" " ind2=" ">
    <subfield code="a">Gómez-Vallejo, J.</subfield>
    <subfield code="u">Universidad de Zaragoza</subfield>
    <subfield code="0">(orcid)0000-0002-5754-6501</subfield>
  </datafield>
  <datafield tag="700" ind1=" " ind2=" ">
    <subfield code="a">Redondo-Trasobares, B.</subfield>
    <subfield code="u">Universidad de Zaragoza</subfield>
  </datafield>
  <datafield tag="700" ind1=" " ind2=" ">
    <subfield code="a">Blanco-Rubio, N.</subfield>
    <subfield code="u">Universidad de Zaragoza</subfield>
  </datafield>
  <datafield tag="700" ind1=" " ind2=" ">
    <subfield code="a">Ballesteros-Betancourt, J. R.</subfield>
    <subfield code="u">Universidad de Zaragoza</subfield>
    <subfield code="0">(orcid)0000-0003-1114-4045</subfield>
  </datafield>
  <datafield tag="700" ind1=" " ind2=" ">
    <subfield code="a">Bueno-Gracia, E.</subfield>
    <subfield code="u">Universidad de Zaragoza</subfield>
    <subfield code="0">(orcid)0000-0002-0026-9224</subfield>
  </datafield>
  <datafield tag="700" ind1=" " ind2=" ">
    <subfield code="a">Fanlo-Mazas, P.</subfield>
    <subfield code="u">Universidad de Zaragoza</subfield>
    <subfield code="0">(orcid)0000-0003-3472-072X</subfield>
  </datafield>
  <datafield tag="700" ind1=" " ind2=" ">
    <subfield code="a">Ríos-Asín, I.</subfield>
    <subfield code="u">Universidad de Zaragoza</subfield>
  </datafield>
  <datafield tag="700" ind1=" " ind2=" ">
    <subfield code="a">Pérez-Rey, J.</subfield>
    <subfield code="u">Universidad de Zaragoza</subfield>
    <subfield code="0">(orcid)0000-0001-5842-6010</subfield>
  </datafield>
  <datafield tag="700" ind1=" " ind2=" ">
    <subfield code="a">Rodríguez-Sanz, J.</subfield>
  </datafield>
  <datafield tag="700" ind1=" " ind2=" ">
    <subfield code="a">Malo-Urriés, M.</subfield>
    <subfield code="u">Universidad de Zaragoza</subfield>
    <subfield code="0">(orcid)0000-0001-9080-0543</subfield>
  </datafield>
  <datafield tag="710" ind1="2" ind2=" ">
    <subfield code="1">1013</subfield>
    <subfield code="2">830</subfield>
    <subfield code="a">Universidad de Zaragoza</subfield>
    <subfield code="b">Dpto. Cirugía</subfield>
    <subfield code="c">Área Traumatología y Ortopedia</subfield>
  </datafield>
  <datafield tag="710" ind1="2" ind2=" ">
    <subfield code="1">1003</subfield>
    <subfield code="2">027</subfield>
    <subfield code="a">Universidad de Zaragoza</subfield>
    <subfield code="b">Dpto. Anatom.Histolog.Humanas</subfield>
    <subfield code="c">Area Anatom.Embriol.Humana</subfield>
  </datafield>
  <datafield tag="710" ind1="2" ind2=" ">
    <subfield code="1">1006</subfield>
    <subfield code="2">413</subfield>
    <subfield code="a">Universidad de Zaragoza</subfield>
    <subfield code="b">Dpto. Fisiatría y Enfermería</subfield>
    <subfield code="c">Área Fisioterapia</subfield>
  </datafield>
  <datafield tag="773" ind1=" " ind2=" ">
    <subfield code="g">(2026), [6 p.]</subfield>
    <subfield code="p">Rev. esp. cir. ortop. traumatol.</subfield>
    <subfield code="t">Revista Española de Cirugía Ortopédica y Traumatología</subfield>
    <subfield code="x">1888-4415</subfield>
  </datafield>
  <datafield tag="856" ind1="4" ind2=" ">
    <subfield code="s">651616</subfield>
    <subfield code="u">http://zaguan.unizar.es/record/171071/files/texto_completo.pdf</subfield>
    <subfield code="y">Versión publicada</subfield>
  </datafield>
  <datafield tag="856" ind1="4" ind2=" ">
    <subfield code="s">2573412</subfield>
    <subfield code="u">http://zaguan.unizar.es/record/171071/files/texto_completo.jpg?subformat=icon</subfield>
    <subfield code="x">icon</subfield>
    <subfield code="y">Versión publicada</subfield>
  </datafield>
  <datafield tag="909" ind1="C" ind2="O">
    <subfield code="o">oai:zaguan.unizar.es:171071</subfield>
    <subfield code="p">articulos</subfield>
    <subfield code="p">driver</subfield>
  </datafield>
  <datafield tag="951" ind1=" " ind2=" ">
    <subfield code="a">2026-05-05-13:37:07</subfield>
  </datafield>
  <datafield tag="980" ind1=" " ind2=" ">
    <subfield code="a">ARTICLE</subfield>
  </datafield>
</record>
</collection>